Sports Quiz

Random Sports or Football Quiz

Scottish Profesional Football League Clubs 2016-17 Quiz Stats

 Plays Quiz not verified by Sporcle

Challenge
Share
Tweet
Embed
Score 0/42 Timer 10:00
0 Plays Today
Hint Answer % Correct
PremiershipAberdeen
100%
PremiershipCeltic
100%
PremiershipRangers
98.8%
PremiershipDundee
97.6%
PremiershipHeart of Midlothian
95.2%
ChampionshipHibs
95.2%
PremiershipMotherwell
91.6%
ChampionshipDundee United
91.6%
PremiershipInverness Caledonian Thistle
90.4%
PremiershipKilmarnock
90.4%
PremiershipPartick Thistle
90.4%
PremiershipRoss County
89.2%
PremiershipSt Johnstone
89.2%
ChampionshipQueen of the South
85.5%
PremiershipHamilton
84.3%
League 2Berwick Rangers
84.3%
League 1Alloa Athletic
83.1%
League 1Ayr United
81.9%
League 2Stirling Albion
80.7%
ChampionshipSt Mirren
78.3%
League 2Edinburgh City
78.3%
Hint Answer % Correct
League 2Clyde
78.3%
ChampionshipRaith Rovers
77.1%
League 1Queens Park
77.1%
ChampionshipDumbarton
74.7%
League 2Forfar Athletic
74.7%
League 2Annan Athletic
74.7%
League 2Cowdenbeath
73.5%
League 2Montrose
72.3%
ChampionshipDunfermline Athletic
71.1%
League 2Elgin City
69.9%
League 1Peterhead United
68.7%
League 1Albion Rovers
68.7%
ChampionshipFalkirk
67.5%
ChampionshipLivingston
67.5%
ChampionshipMorton
67.5%
League 2Arbroath
67.5%
League 1East Fife
66.3%
League 1Airdrieonians
62.7%
League 1Brechin City
62.7%
League 1Stenhousemuir
61.4%
League 1Stranrear
54.2%

You're not logged in!

Compare scores with friends on all Sporcle quizzes.
OR
Log In

You Might Also Like...

Show Comments

Extras

Top Quizzes Today


Score Distribution

Your Account Isn't Verified!

In order to create a playlist on Sporcle, you need to verify the email address you used during registration. Go to your Sporcle Settings to finish the process.

Report this User

Report this user for behavior that violates our Community Guidelines.

Details: